How I Met Your Mother Trivia - Statistics

General Stats
  • This quiz has been taken 812 times
    684 since last reset
  • The average score is 11 of 15
Answer Stats
Hint Answer % Correct
Robin is from what country? Canada
98%
Who left Ted at the alter? Stella
97%
What is Lily's Doppelganger's profession? Stripper
96%
When did Lily and Marshall meet? Freshman year
91%
Ted steals what for Robin on their first date? A Blue French horn
90%
How long did Ted and Robin date? One year
84%
What corporation does Barney work for? Goliath National Bank
74%
What famous game show host did Barney think was his father? Bob Barker
70%
What state is Ted from? Ohio
70%
Who is the actess that plays Robin? Cobie Smulders
68%
What are Marshall's and Lily's nicknames for each other? Marshmallow And Lillypad
66%
What hotel does Zoey try to stop Ted from blowing up? The Arcadian
66%
What is the name of Robin Sparkles second song? Sandcastles in the sand
60%
What Kind of car was Marshall's first car? Fiero
44%
What is the actor who plays Barney's real father? John Lithgow
17%
No matching quizzes found
Score Distribution
Percent of People with Each Score
Percentile by Number Answered
Your Score History
You have not taken this quiz since the last reset